|
|
|
|
| LEADER |
00000cam a2200000 7i4500 |
| 001 |
0000015231 |
| 005 |
20080319.0 |
| 008 |
080319 |
| 020 |
|
|
|a 9679788881
|
| 090 |
0 |
0 |
|a 959.5106
|b STE
|
| 100 |
1 |
|
|a Stewart, Brian
|
| 245 |
1 |
0 |
|a Smashing terrorism in the Malayan emergency :
|b the vital contribution of the police
|c Brian Stewart
|
| 260 |
|
|
|a Selangor :
|b Pelanduk Publications ,
|c 2004
|
| 650 |
|
0 |
|a Malaya
|x History
|x Malayan emergency, 1948-1960
|
| 650 |
|
0 |
|a Police
|z Malaya
|x History
|
| 650 |
|
0 |
|a Terrorism
|z Malaya
|x History
|
| 999 |
|
|
|a 0001016693
|b Book
|c Adult Collection
|e Perbadanan Perpustakaan Awam Johor
|
| 999 |
|
|
|a 0001016694
|b Book
|c Adult Collection
|e Cawangan Kota Tinggi
|